[Event "Bundesliga 9697"]
[Site "Deutschland"]
[Date "1996.??.??"]
[Round "?.5"]
[White "Proehl, Holger"]
[Black "Bosch, Jeroen"]
[Result "1/2-1/2"]
[WhiteElo "2400"]
[BlackElo "2425"]
[PlyCount "36"]
[EventDate "1996.10.??"]
[EventType "team"]
[EventRounds "15"]
[EventCountry "GER"]
[SourceTitle "Bundesliga 9697"]
[Source "DeepChess"]
[SourceDate "2005.01.01"]
[SourceVersion "1"]
[SourceVersionDate "2005.01.01"]
[SourceQuality "1"]
[WhiteTeam "USC Magdeburg"]
[BlackTeam "SG Bochum 31"]
[WhiteTeamCountry "GER"]
[BlackTeamCountry "GER"]

1. e4 c5 2. c3 d6 3. d4 Nf6 4. dxc5 Nc6 5. Bc4 Nxe4 6. Bxf7+ Kxf7 7. Qd5+ e6 8.
Qxe4 d5 9. Qf3+ Qf6 10. Be3 b6 11. cxb6 axb6 12. Bd4 Nxd4 13. cxd4 Ra4 14.
Qxf6+ gxf6 15. Ne2 Ba6 16. Nbc3 Bb4 17. Kd2 Bxe2 18. Kxe2 Bxc3 1/2-1/2

[Event "Bundesliga 9697"]
[Site "Deutschland"]
[Date "1996.??.??"]
[Round "?.6"]
[White "Reschke, Stefan"]
[Black "Stolz, Mike"]
[Result "1-0"]
[WhiteElo "2400"]
[BlackElo "2300"]
[PlyCount "101"]
[EventDate "1996.10.??"]
[EventType "team"]
[EventRounds "15"]
[EventCountry "GER"]
[SourceTitle "Bundesliga 9697"]
[Source "DeepChess"]
[SourceDate "2005.01.01"]
[SourceVersion "1"]
[SourceVersionDate "2005.01.01"]
[SourceQuality "1"]
[WhiteTeam "SG Bochum 31"]
[BlackTeam "USC Magdeburg"]
[WhiteTeamCountry "GER"]
[BlackTeamCountry "GER"]

1. d4 Nf6 2. c4 g6 3. g3 Bg7 4. Bg2 O-O 5. Nc3 d6 6. Nf3 Nbd7 7. O-O e5 8. e4
c6 9. b3 Re8 10. h3 a5 11. Re1 exd4 12. Nxd4 Nc5 13. Rb1 Qe7 14. Bf4 Nfd7 15.
Re2 Nf8 16. Rc1 Nfd7 17. Rd2 Ne5 18. Be3 Bf8 19. f4 Ned7 20. Bf2 Nf6 21. Re2
Nh5 22. Nf3 Ne6 23. Nd5 Qd8 24. f5 Nc5 25. Nc3 gxf5 26. exf5 Rxe2 27. Nxe2 Ne4
28. Qe1 Nxf2 29. Qxf2 Nf6 30. Nfd4 Qe7 31. Nc3 Bg7 32. Re1 Qf8 33. g4 h6 34.
Qd2 Bd7 35. Nde2 Qb8 36. Kh1 Qc7 37. Rd1 Bf8 38. Qd4 Be7 39. Qf4 Kh7 40. c5 Ne8
41. f6 Bxf6 42. Ne4 Qd8 43. cxd6 b6 44. Rf1 Bg7 45. Qxf7 c5 46. Nf4 a4 47. Nh5
axb3 48. axb3 Kh8 49. Nef6 Bxf6 50. Qf8+ Kh7 51. Be4+ 1-0

[Event "Bundesliga 9697"]
[Site "Deutschland"]
[Date "1996.??.??"]
[Round "?.7"]
[White "Kapischka, Jens"]
[Black "Ellers, Holger"]
[Result "1/2-1/2"]
[WhiteElo "2315"]
[BlackElo "2305"]
[PlyCount "67"]
[EventDate "1996.10.??"]
[EventType "team"]
[EventRounds "15"]
[EventCountry "GER"]
[SourceTitle "Bundesliga 9697"]
[Source "DeepChess"]
[SourceDate "2005.01.01"]
[SourceVersion "1"]
[SourceVersionDate "2005.01.01"]
[SourceQuality "1"]
[WhiteTeam "USC Magdeburg"]
[BlackTeam "SG Bochum 31"]
[WhiteTeamCountry "GER"]
[BlackTeamCountry "GER"]

1. Nf3 c5 2. g3 g6 3. Bg2 Bg7 4. O-O Nc6 5. d3 e5 6. c4 Nge7 7. Nc3 O-O 8. a3
d6 9. Rb1 f5 10. Bg5 h6 11. Bxe7 Nxe7 12. Nd2 Qd7 13. b4 cxb4 14. axb4 Rb8 15.
b5 Qc7 16. Qb3 Be6 17. b6 axb6 18. Qxb6 Qd7 19. Nd5 Rfc8 20. Nxe7+ Qxe7 21. Qa7
e4 22. dxe4 Ra8 23. Qe3 Rc7 24. exf5 Bxf5 25. Bd5+ Kh7 26. Qxe7 Rxe7 27. e4 Bg4
28. Kg2 Ra2 29. Nf3 Bxf3+ 30. Kxf3 Bd4 31. Rxb7 Rxb7 32. Bxb7 Rc2 33. Bd5 Bg7
34. h4 1/2-1/2

[Event "Bundesliga 9697"]
[Site "Deutschland"]
[Date "1996.??.??"]
[Round "?.8"]
[White "Buenermann, Volker"]
[Black "Darnstaedt, Frank"]
[Result "1/2-1/2"]
[WhiteElo "2350"]
[BlackElo "2295"]
[PlyCount "52"]
[EventDate "1996.10.??"]
[EventType "team"]
[EventRounds "15"]
[EventCountry "GER"]
[SourceTitle "Bundesliga 9697"]
[Source "DeepChess"]
[SourceDate "2005.01.01"]
[SourceVersion "1"]
[SourceVersionDate "2005.01.01"]
[SourceQuality "1"]
[WhiteTeam "SG Bochum 31"]
[BlackTeam "USC Magdeburg"]
[WhiteTeamCountry "GER"]
[BlackTeamCountry "GER"]

1. e4 c5 2. Nf3 Nc6 3. d4 cxd4 4. Nxd4 Nf6 5. Nc3 e5 6. Ndb5 d6 7. Bg5 a6 8.
Na3 b5 9. Nd5 Be7 10. Nxe7 Nxe7 11. Bxf6 gxf6 12. Bd3 d5 13. exd5 Qxd5 14. f3
Bf5 15. Bxf5 Qxd1+ 16. Rxd1 Nxf5 17. Kf2 Ke7 18. c3 Rhc8 19. Nc2 a5 20. Rd2 Rc6
21. Rhd1 Nd6 22. Ne3 Ke6 23. g4 f5 24. gxf5+ Nxf5 25. Nxf5 Kxf5 26. Rd6 Raa6
1/2-1/2

[Event "Bundesliga 9697"]
[Site "Deutschland"]
[Date "1997.??.??"]
[Round "?.1"]
[White "Lutz, Christopher"]
[Black "Schlosser, Philipp"]
[Result "1/2-1/2"]
[WhiteElo "2555"]
[BlackElo "2560"]
[PlyCount "157"]
[EventDate "1996.10.??"]
[EventType "team"]
[EventRounds "15"]
[EventCountry "GER"]
[SourceTitle "Bundesliga 9697"]
[Source "DeepChess"]
[SourceDate "2005.01.01"]
[SourceVersion "1"]
[SourceVersionDate "2005.01.01"]
[SourceQuality "1"]
[WhiteTeam "SG Porz e.V."]
[BlackTeam "SK Passau 1869"]
[WhiteTeamCountry "GER"]
[BlackTeamCountry "GER"]

1. e4 c6 2. d4 d5 3. e5 Bf5 4. Nf3 e6 5. Be2 Nd7 6. O-O Bg6 7. Nbd2 Nh6 8. b3
Bb4 9. Bb2 O-O 10. a3 Ba5 11. c4 f6 12. b4 Bc7 13. Nb3 Bh5 14. Nfd2 Bg6 15. Nf3
Bh5 16. exf6 Bxf3 17. Bxf3 Qxf6 18. Be2 dxc4 19. Bxc4 Nb6 20. Be2 Na4 21. Qc2
Nxb2 22. Qxb2 Rad8 23. Rad1 Kh8 24. g3 Nf5 25. Bc4 Bb6 26. Qe2 Nxd4 27. Nxd4
Bxd4 28. Kg2 e5 29. Qe4 Bb6 30. f3 a6 31. Be2 g6 32. h4 Qf5 33. Qxf5 gxf5 34.
Bc4 Bd4 35. Rd3 b5 36. Be6 Rd6 37. Bb3 a5 38. bxa5 c5 39. Rdd1 c4 40. Bc2 Ra6
41. f4 Rxa5 42. fxe5 Bxe5 43. Rd5 Bg7 44. a4 Ra7 45. Rxb5 f4 46. Rxf4 Rxf4 47.
gxf4 Bf6 48. h5 Kg7 49. Rc5 c3 50. Rc6 h6 51. Kf3 Ra5 52. Rc7+ Kf8 53. Kg4 Ra6
54. Kf5 Bd4 55. Ke4 Rd6 56. a5 Bf2 57. Rc4 Ra6 58. Ra4 Bh4 59. Bd3 c2 60. Bxc2
Bd8 61. Rd4 Ke7 62. Ba4 Re6+ 63. Kf3 Bxa5 64. Rd7+ Kf8 65. Bb3 Rf6 66. Ke4 Bc3
67. f5 Rb6 68. Be6 Ke8 69. Rh7 Rb4+ 70. Kd5 Rd4+ 71. Kc6 Rh4 72. Rxh6 Ke7 73.
Bd5 Rf4 74. Re6+ Kf8 75. Be4 Rh4 76. f6 Rxh5 77. Bg6 Re5 78. Rd6 Ba5 79. Rd5
1/2-1/2

[Event "Bundesliga 9697"]
[Site "Deutschland"]
[Date "1997.??.??"]
[Round "?.2"]
[White "Smejkal, Jan"]
[Black "Huebner, Robert"]
[Result "1/2-1/2"]
[WhiteElo "2505"]
[BlackElo "2600"]
[PlyCount "31"]
[EventDate "1996.10.??"]
[EventType "team"]
[EventRounds "15"]
[EventCountry "GER"]
[SourceTitle "Bundesliga 9697"]
[Source "DeepChess"]
[SourceDate "2005.01.01"]
[SourceVersion "1"]
[SourceVersionDate "2005.01.01"]
[SourceQuality "1"]
[WhiteTeam "SK Passau 1869"]
[BlackTeam "SG Porz e.V."]
[WhiteTeamCountry "GER"]
[BlackTeamCountry "GER"]

1. c4 Nf6 2. Nc3 e5 3. Nf3 Nc6 4. g3 Bb4 5. Nd5 Bc5 6. d3 h6 7. a3 a6 8. b4 Ba7
9. Bb2 d6 10. Nxf6+ Qxf6 11. Bg2 O-O 12. O-O Nd4 13. Nxd4 Bxd4 14. Qd2 c6 15.
a4 Bg4 16. h3 1/2-1/2

[Event "Bundesliga 9697"]
[Site "Deutschland"]
[Date "1997.??.??"]
[Round "?.4"]
[White "Pichler, Juergen"]
[Black "Christiansen, Larry Mark"]
[Result "0-1"]
[WhiteElo "2400"]
[BlackElo "2560"]
[PlyCount "104"]
[EventDate "1996.10.??"]
[EventType "team"]
[EventRounds "15"]
[EventCountry "GER"]
[SourceTitle "Bundesliga 9697"]
[Source "DeepChess"]
[SourceDate "2005.01.01"]
[SourceVersion "1"]
[SourceVersionDate "2005.01.01"]
[SourceQuality "1"]
[WhiteTeam "SK Passau 1869"]
[BlackTeam "SG Porz e.V."]
[WhiteTeamCountry "GER"]
[BlackTeamCountry "GER"]

1. d4 Nf6 2. Nf3 e6 3. g3 d5 4. Bg2 Nbd7 5. O-O c6 6. Nbd2 a5 7. c3 Be7 8. Qc2
O-O 9. e4 b6 10. Re1 Ba6 11. exd5 cxd5 12. a4 Rc8 13. Bf1 Bxf1 14. Nxf1 Ne4 15.
Kg2 Bd6 16. Ng1 Qc7 17. f3 Nef6 18. Bg5 Nh5 19. Rad1 h6 20. Bc1 Qc6 21. Ne2 b5
22. g4 Nhf6 23. axb5 Qxb5 24. h4 Rfe8 25. Nfg3 Nf8 26. Rh1 a4 27. g5 hxg5 28.
hxg5 N6h7 29. f4 Rb8 30. Rd3 g6 31. Nf1 Qb3 32. Qxb3 Rxb3 33. Nd2 Rb7 34. Rdh3
Reb8 35. Nf3 Rxb2 36. Bxb2 Rxb2 37. Kf2 Bxf4 38. Ra1 Nxg5 39. Nxg5 Bxg5 40.
Rxa4 Nh7 41. Rh1 Nf6 42. Rha1 Ne4+ 43. Kf3 Rd2 44. c4 Rd3+ 45. Kg2 dxc4 46.
Rxc4 Kg7 47. Ra7 Re3 48. Rc2 Nf6 49. Ng1 Nd5 50. Nf3 Bf6 51. Rd7 g5 52. Nh2 Rd3
0-1

[Event "Bundesliga 9697"]
[Site "Deutschland"]
[Date "1997.??.??"]
[Round "?.6"]
[White "Gross, David2"]
[Black "Stangl, Markus"]
[Result "0-1"]
[WhiteElo "2335"]
[BlackElo "2540"]
[PlyCount "84"]
[EventDate "1996.10.??"]
[EventType "team"]
[EventRounds "15"]
[EventCountry "GER"]
[SourceTitle "Bundesliga 9697"]
[Source "DeepChess"]
[SourceDate "2005.01.01"]
[SourceVersion "1"]
[SourceVersionDate "2005.01.01"]
[SourceQuality "1"]
[WhiteTeam "SK Passau 1869"]
[BlackTeam "SG Porz e.V."]
[WhiteTeamCountry "GER"]
[BlackTeamCountry "GER"]

1. e4 e5 2. Nf3 d6 3. d4 Nd7 4. Bc4 exd4 5. Nxd4 Ngf6 6. Nc3 Nb6 7. Be2 Be7 8.
O-O O-O 9. a4 Re8 10. a5 Nbd7 11. f4 Bf8 12. Bf3 c6 13. b3 Qc7 14. Bb2 Nc5 15.
Re1 Bd7 16. Kh1 Rad8 17. b4 Ne6 18. Nxe6 Bxe6 19. b5 d5 20. e5 Ne4 21. Bxe4
dxe4 22. Qe2 cxb5 23. Nxb5 Qc4 24. Qxc4 Bxc4 25. Nc3 Rd2 26. Nxe4 Rxc2 27. Nd6
Bd5 28. Rac1 Rxg2 29. Red1 Bf3 30. Rf1 Rxb2+ 31. Rxf3 Bxd6 32. exd6 Rd2 33. Rb3
Rxd6 34. Rxb7 h5 35. Rcc7 Re2 36. Rd7 Rf6 37. Rd4 h4 38. h3 Rc6 39. Rd1 Rc3 40.
Rxa7 Rxh3+ 41. Kg1 Ra3 42. a6 h3 0-1

[Event "Bundesliga 9697"]
[Site "Deutschland"]
[Date "1997.??.??"]
[Round "?.7"]
[White "Vogt, Lothar"]
[Black "Baumhus, Reinhard"]
[Result "1-0"]
[WhiteElo "2515"]
[BlackElo "2355"]
[PlyCount "123"]
[EventDate "1996.10.??"]
[EventType "team"]
[EventRounds "15"]
[EventCountry "GER"]
[SourceTitle "Bundesliga 9697"]
[Source "DeepChess"]
[SourceDate "2005.01.01"]
[SourceVersion "1"]
[SourceVersionDate "2005.01.01"]
[SourceQuality "1"]
[WhiteTeam "SG Porz e.V."]
[BlackTeam "SK Passau 1869"]
[WhiteTeamCountry "GER"]
[BlackTeamCountry "GER"]

1. e4 c6 2. d4 d5 3. Nc3 dxe4 4. Nxe4 Nf6 5. Nxf6+ exf6 6. c3 Bd6 7. Bd3 O-O 8.
Qc2 Re8+ 9. Ne2 Kh8 10. Be3 Na6 11. O-O Nc7 12. c4 Ne6 13. Rfe1 g6 14. Qd2 Bd7
15. c5 Bf8 16. Bc4 Kg8 17. Rad1 Nc7 18. Nf4 Bg4 19. f3 Be6 20. Nxe6 fxe6 21.
Bf2 Nd5 22. Re2 Qd7 23. Rde1 Rad8 24. Bh4 Bg7 25. Bg3 f5 26. Bd6 Bf8 27. Bxd5
exd5 28. Bxf8 Rxe2 29. Rxe2 Rxf8 30. Qe1 Kf7 31. Qh4 h5 32. Re5 Re8 33. f4 Qd8
34. Qg3 Rxe5 35. fxe5 Qe7 36. Qf4 Kg7 37. h3 b6 38. b4 Kh7 39. Kh2 bxc5 40.
bxc5 Kg7 41. Kg3 Kh7 42. Qh4 Qf8 43. Qf6 Qh6 44. Qe7+ Kg8 45. Qd8+ Kh7 46. Qc7+
Kg8 47. Qb8+ Kf7 48. e6+ Kxe6 49. Qe8+ Kf6 50. Qxc6+ Kg7 51. Qb7+ Kf6 52. Qa6+
Kf7 53. Qxa7+ Kf6 54. Qb6+ Kf7 55. Qc7+ Kg8 56. Qf4 h4+ 57. Qxh4 Qe3+ 58. Kh2
f4 59. Qd8+ Kg7 60. Qc7+ Kh6 61. Qe5 Qf2 62. c6 1-0

[Event "Bundesliga 9697"]
[Site "Deutschland"]
[Date "1997.??.??"]
[Round "?.8"]
[White "Schlingensiepen, Christian"]
[Black "Brunner, Lucas"]
[Result "1-0"]
[WhiteElo "2290"]
[BlackElo "2500"]
[PlyCount "67"]
[EventDate "1996.10.??"]
[EventType "team"]
[EventRounds "15"]
[EventCountry "GER"]
[SourceTitle "Bundesliga 9697"]
[Source "DeepChess"]
[SourceDate "2005.01.01"]
[SourceVersion "1"]
[SourceVersionDate "2005.01.01"]
[SourceQuality "1"]
[WhiteTeam "SK Passau 1869"]
[BlackTeam "SG Porz e.V."]
[WhiteTeamCountry "GER"]
[BlackTeamCountry "GER"]

1. e4 c6 2. d3 g6 3. Nf3 Bg7 4. Be2 Nf6 5. O-O O-O 6. c3 d6 7. h3 c5 8. Qc2 Nc6
9. Be3 Bd7 10. Nbd2 b5 11. d4 cxd4 12. Nxd4 a6 13. Rad1 Qc7 14. Nxc6 Bxc6 15.
f4 e5 16. fxe5 dxe5 17. Bg5 Nd7 18. c4 Bb7 19. b4 Rfe8 20. Qb3 Nf8 21. cxb5 Ne6
22. Be3 Nd4 23. Bxd4 exd4 24. Rxf7 Qxf7 25. Bc4 Qxc4 26. Qxc4+ Kh8 27. bxa6
Bxa6 28. b5 Bc8 29. a4 Be6 30. Qb4 Red8 31. a5 d3 32. b6 Bf8 33. Qb5 Bd7 34.
Qb3 1-0

[Event "Bundesliga 9697"]
[Site "Deutschland"]
[Date "1997.??.??"]
[Round "?.1"]
[White "Lutz, Christopher"]
[Black "Van der Sterren, Paul"]
[Result "0-1"]
[WhiteElo "2555"]
[BlackElo "2515"]
[PlyCount "102"]
[EventDate "1996.10.??"]
[EventType "team"]
[EventRounds "15"]
[EventCountry "GER"]
[SourceTitle "Bundesliga 9697"]
[Source "DeepChess"]
[SourceDate "2005.01.01"]
[SourceVersion "1"]
[SourceVersionDate "2005.01.01"]
[SourceQuality "1"]
[WhiteTeam "SG Porz e.V."]
[BlackTeam "SV Castrop Rauxel 1923"]
[WhiteTeamCountry "GER"]
[BlackTeamCountry "GER"]

1. e4 e6 2. d4 d5 3. Nc3 dxe4 4. Nxe4 Nd7 5. g3 Be7 6. Bg2 Ngf6 7. Nxf6+ Bxf6
8. Nf3 O-O 9. O-O e5 10. Be3 c6 11. Re1 exd4 12. Bxd4 Bxd4 13. Qxd4 Nf6 14. a4
Qxd4 15. Nxd4 Rd8 16. c3 a5 17. Re5 Nd7 18. Re7 Kf8 19. Rae1 Nc5 20. Bf1 Bd7
21. Bc4 Ne6 22. Rxf7+ Kxf7 23. Nxe6 Bxe6 24. Rxe6 Kf8 25. Re5 Rd6 26. Kg2 b6
27. Re3 Re8 28. Rf3+ Rf6 29. Rxf6+ gxf6 30. Bd3 h6 31. Kf1 Ke7 32. Ke2 Kd6+ 33.
Kd2 Kc5 34. h4 Re7 35. Kd1 b5 36. axb5 cxb5 37. h5 b4 38. Kc2 Re1 39. Kb3 Rh1
40. g4 Rh2 41. cxb4+ axb4 42. f3 Rf2 43. Be4 Re2 44. Bb7 f5 45. gxf5 Rh2 46. f6
Rxh5 47. Be4 Rh4 48. f7 Rf4 49. Bg6 Rxf3+ 50. Ka4 Rf4 51. Bh5 Kd6 0-1

[Event "Bundesliga 9697"]
[Site "Deutschland"]
[Date "1997.??.??"]
[Round "?.3"]
[White "Hort, Vlastimil"]
[Black "Watson, William N"]
[Result "1-0"]
[WhiteElo "2520"]
[BlackElo "2535"]
[PlyCount "55"]
[EventDate "1996.10.??"]
[EventType "team"]
[EventRounds "15"]
[EventCountry "GER"]
[SourceTitle "Bundesliga 9697"]
[Source "DeepChess"]
[SourceDate "2005.01.01"]
[SourceVersion "1"]
[SourceVersionDate "2005.01.01"]
[SourceQuality "1"]
[WhiteTeam "SG Porz e.V."]
[BlackTeam "SV Castrop Rauxel 1923"]
[WhiteTeamCountry "GER"]
[BlackTeamCountry "GER"]

1. d4 Nf6 2. c4 g6 3. Nc3 Bg7 4. e4 d6 5. h3 O-O 6. Bg5 Na6 7. Nf3 e5 8. d5 h6
9. Be3 Nh5 10. Qd2 Kh7 11. g4 Nf4 12. O-O-O Bd7 13. Kb1 f5 14. exf5 gxf5 15.
Rg1 fxg4 16. hxg4 Qf6 17. Qc2+ Kh8 18. Ne4 Qe7 19. a3 Rac8 20. g5 c6 21. gxh6
Bxh6 22. Rh1 Kg7 23. Bd3 Rh8 24. Rdg1+ Kf8 25. Bxf4 exf4 26. Qc3 Rh7 27. Nf6
Rg7 28. Re1 1-0

[Event "Bundesliga 9697"]
[Site "Deutschland"]
[Date "1997.??.??"]
[Round "?.4"]
[White "Appel, Ralf"]
[Black "Christiansen, Larry Mark"]
[Result "1-0"]
[WhiteElo "2495"]
[BlackElo "2560"]
[PlyCount "85"]
[EventDate "1996.10.??"]
[EventType "team"]
[EventRounds "15"]
[EventCountry "GER"]
[SourceTitle "Bundesliga 9697"]
[Source "DeepChess"]
[SourceDate "2005.01.01"]
[SourceVersion "1"]
[SourceVersionDate "2005.01.01"]
[SourceQuality "1"]
[WhiteTeam "SV Castrop Rauxel 1923"]
[BlackTeam "SG Porz e.V."]
[WhiteTeamCountry "GER"]
[BlackTeamCountry "GER"]

1. Nf3 e6 2. g3 b6 3. Bg2 Bb7 4. O-O Nf6 5. d3 Be7 6. e4 O-O 7. e5 Ne8 8. Nc3
c5 9. Re1 d6 10. Bf4 Nc6 11. d4 Nxd4 12. Nxd4 Bxg2 13. Nxe6 fxe6 14. Kxg2 d5
15. Qg4 Nc7 16. Bh6 Rf7 17. Ne2 Qe8 18. h4 Qc6 19. Nf4 d4+ 20. Kg1 Kh8 21. Bg5
Bxg5 22. hxg5 g6 23. c3 Raf8 24. cxd4 Rxf4 25. gxf4 c4 26. Re3 Nd5 27. Rf3 Ne7
28. Rc1 b5 29. a4 b4 30. Rh3 Nf5 31. Qg2 Qd5 32. Qxd5 exd5 33. e6 Kg8 34. Re1
Ne7 35. Kg2 a5 36. Reh1 h5 37. gxh6 Kh7 38. Re1 b3 39. Re5 Rb8 40. f5 gxf5 41.
Rg3 Ng6 42. Re1 Rb7 43. e7 1-0

[Event "Bundesliga 9697"]
[Site "Deutschland"]
[Date "1997.??.??"]
[Round "?.8"]
[White "Hille, Ralph Ingo"]
[Black "Vogt, Lothar"]
[Result "0-1"]
[WhiteElo "2235"]
[BlackElo "2515"]
[PlyCount "77"]
[EventDate "1996.10.??"]
[EventType "team"]
[EventRounds "15"]
[EventCountry "GER"]
[SourceTitle "Bundesliga 9697"]
[Source "DeepChess"]
[SourceDate "2005.01.01"]
[SourceVersion "1"]
[SourceVersionDate "2005.01.01"]
[SourceQuality "1"]
[WhiteTeam "SV Castrop Rauxel 1923"]
[BlackTeam "SG Porz e.V."]
[WhiteTeamCountry "GER"]
[BlackTeamCountry "GER"]

1. d4 Nf6 2. g3 g6 3. Bg2 Bg7 4. e4 d6 5. Nc3 O-O 6. Nge2 e5 7. h3 Nc6 8. Be3
Bd7 9. O-O a6 10. f4 exd4 11. Nxd4 Re8 12. Qd2 Na5 13. Bf2 c5 14. Nb3 Nc4 15.
Qc1 Bc6 16. Re1 Nd7 17. Nd2 Ndb6 18. Rb1 Re6 19. Nxc4 Nxc4 20. Nd5 Qa5 21. b3
Na3 22. b4 cxb4 23. Bb6 Qa4 24. Rxb4 Qxc2 25. Qxa3 Bxd5 26. Rc1 Qxa2 27. Qxa2
Bxa2 28. Rc2 d5 29. Bf2 dxe4 30. Rxa2 e3 31. Be1 Rd8 32. Rxb7 e2 33. Bf3 Rde8
34. Kg2 Bd4 35. h4 h5 36. g4 hxg4 37. Bxg4 Re4 38. Bf3 Rxf4 39. Bd5 $138 0-1

[Event "Bundesliga 9697"]
[Site "Deutschland"]
[Date "1997.??.??"]
[Round "?.1"]
[White "Boensch, Uwe"]
[Black "Lutz, Christopher"]
[Result "1/2-1/2"]
[WhiteElo "2520"]
[BlackElo "2555"]
[PlyCount "56"]
[EventDate "1996.10.??"]
[EventType "team"]
[EventRounds "15"]
[EventCountry "GER"]
[SourceTitle "Bundesliga 9697"]
[Source "DeepChess"]
[SourceDate "2005.01.01"]
[SourceVersion "1"]
[SourceVersionDate "2005.01.01"]
[SourceQuality "1"]
[WhiteTeam "SV Empor Berlin e.V."]
[BlackTeam "SG Porz e.V."]
[WhiteTeamCountry "GER"]
[BlackTeamCountry "GER"]

1. d4 f5 2. g3 Nf6 3. Bg2 g6 4. Nf3 Bg7 5. O-O O-O 6. c4 d6 7. Nc3 Qe8 8. d5
Na6 9. Nd4 Bd7 10. a4 c6 11. a5 Rd8 12. Ra3 e5 13. dxe6 Bxe6 14. Nxe6 Qxe6 15.
Qb3 Nc5 16. Qb4 Rf7 17. Rd1 Bf8 18. Bg5 Re8 19. a6 Rc8 20. Bxf6 Qxf6 21. Nd5
cxd5 22. axb7 Rb8 23. Rxa7 dxc4 24. Ra8 Rbxb7 25. Bxb7 Rxb7 26. Qxc4+ Qf7 27.
Qd4 Ne6 28. Qxd6 Rxb2 1/2-1/2

[Event "Bundesliga 9697"]
[Site "Deutschland"]
[Date "1997.??.??"]
[Round "?.2"]
[White "Huebner, Robert"]
[Black "Tischbierek, Raj"]
[Result "1-0"]
[WhiteElo "2600"]
[BlackElo "2490"]
[PlyCount "47"]
[EventDate "1996.10.??"]
[EventType "team"]
[EventRounds "15"]
[EventCountry "GER"]
[SourceTitle "Bundesliga 9697"]
[Source "DeepChess"]
[SourceDate "2005.01.01"]
[SourceVersion "1"]
[SourceVersionDate "2005.01.01"]
[SourceQuality "1"]
[WhiteTeam "SG Porz e.V."]
[BlackTeam "SV Empor Berlin e.V."]
[WhiteTeamCountry "GER"]
[BlackTeamCountry "GER"]

1. e4 c5 2. Nf3 d6 3. d4 cxd4 4. Nxd4 Nf6 5. Nc3 a6 6. Bc4 e6 7. Bb3 Be7 8. f4
Nc6 9. Be3 O-O 10. O-O Nxd4 11. Bxd4 b5 12. e5 dxe5 13. fxe5 Nd7 14. Ne4 Bb7
15. Nd6 Bxd6 16. exd6 Qg5 17. Qe2 a5 18. c3 Ra6 19. Rfd1 Rd8 20. Rd3 e5 21. Rg3
Qh6 22. Rf1 Rxd6 23. Bxf7+ Kh8 24. Be3 1-0

[Event "Bundesliga 9697"]
[Site "Deutschland"]
[Date "1997.??.??"]
[Round "?.3"]
[White "Luther, Thomas"]
[Black "Christiansen, Larry Mark"]
[Result "1/2-1/2"]
[WhiteElo "2520"]
[BlackElo "2560"]
[PlyCount "65"]
[EventDate "1996.10.??"]
[EventType "team"]
[EventRounds "15"]
[EventCountry "GER"]
[SourceTitle "Bundesliga 9697"]
[Source "DeepChess"]
[SourceDate "2005.01.01"]
[SourceVersion "1"]
[SourceVersionDate "2005.01.01"]
[SourceQuality "1"]
[WhiteTeam "SV Empor Berlin e.V."]
[BlackTeam "SG Porz e.V."]
[WhiteTeamCountry "GER"]
[BlackTeamCountry "GER"]

1. e4 e5 2. Nf3 Nc6 3. Bb5 a6 4. Ba4 Nf6 5. O-O Bc5 6. c3 b5 7. Bc2 d6 8. d4
Bb6 9. h3 O-O 10. Be3 Rb8 11. Re1 Bd7 12. Nbd2 Re8 13. Nf1 b4 14. Ng3 bxc3 15.
bxc3 Ba5 16. Bd2 h6 17. Bb3 Bb6 18. Bc1 a5 19. Rb1 Qc8 20. Bb2 Qa6 21. dxe5
Nxe5 22. Nxe5 Rxe5 23. c4 Qa7 24. c5 Bxc5 25. Qf3 Rg5 26. Bxf6 gxf6 27. Nh5
Rxh5 28. Qxh5 Bxf2+ 29. Kh1 Rxb3 30. axb3 Bxe1 31. Rxe1 Qf2 32. Ra1 Qe3 33. Qf3
1/2-1/2

[Event "Bundesliga 9697"]
[Site "Deutschland"]
[Date "1997.??.??"]
[Round "?.4"]
[White "Vaganian, Rafael A"]
[Black "Volke, Karsten"]
[Result "1-0"]
[WhiteElo "2585"]
[BlackElo "2465"]
[PlyCount "103"]
[EventDate "1996.10.??"]
[EventType "team"]
[EventRounds "15"]
[EventCountry "GER"]
[SourceTitle "Bundesliga 9697"]
[Source "DeepChess"]
[SourceDate "2005.01.01"]
[SourceVersion "1"]
[SourceVersionDate "2005.01.01"]
[SourceQuality "1"]
[WhiteTeam "SG Porz e.V."]
[BlackTeam "SV Empor Berlin e.V."]
[WhiteTeamCountry "GER"]
[BlackTeamCountry "GER"]

1. Nf3 Nf6 2. c4 g6 3. g3 Bg7 4. Bg2 O-O 5. Nc3 d6 6. O-O e5 7. d3 Nc6 8. Rb1
a5 9. a3 h6 10. b4 axb4 11. axb4 Be6 12. b5 Ne7 13. Bb2 Qd7 14. Ra1 Bh3 15. e4
Rxa1 16. Qxa1 Nh5 17. Ne1 Bxg2 18. Nxg2 f5 19. f3 c6 20. Qa7 d5 21. cxd5 cxd5
22. Qa2 Kh7 23. Nxd5 Nxd5 24. Qxd5 Qxd5 25. exd5 Rd8 26. Ne3 Nf6 27. Bxe5 Nxd5
28. Nc4 Ne3 29. Bxg7 Nxf1 30. Bf6 Rxd3 31. Kxf1 Rxf3+ 32. Ke2 Rb3 33. b6 g5 34.
Bd4 Rb5 35. Kd3 Rb3+ 36. Kc2 Rb5 37. Kc3 Rd5 38. Ne3 Ra5 39. Kb4 Ra2 40. Nxf5
Rxh2 41. Nd6 Rd2 42. Kc3 Rg2 43. Nxb7 Rxg3+ 44. Kc4 Rf3 45. Na5 Rf8 46. Be5 h5
47. b7 h4 48. Nc6 g4 49. Kd4 g3 50. Ke3 Kg6 51. Ne7+ Kg5 52. Nc8 1-0

[Event "Bundesliga 9697"]
[Site "Deutschland"]
[Date "1997.??.??"]
[Round "?.5"]
[White "Thinius, Marco"]
[Black "Stangl, Markus"]
[Result "1/2-1/2"]
[WhiteElo "2330"]
[BlackElo "2540"]
[PlyCount "57"]
[EventDate "1996.10.??"]
[EventType "team"]
[EventRounds "15"]
[EventCountry "GER"]
[SourceTitle "Bundesliga 9697"]
[Source "DeepChess"]
[SourceDate "2005.01.01"]
[SourceVersion "1"]
[SourceVersionDate "2005.01.01"]
[SourceQuality "1"]
[WhiteTeam "SV Empor Berlin e.V."]
[BlackTeam "SG Porz e.V."]
[WhiteTeamCountry "GER"]
[BlackTeamCountry "GER"]

1. b3 e5 2. Bb2 d6 3. g3 g6 4. d4 Nd7 5. dxe5 dxe5 6. Nf3 Bg7 7. h4 Ne7 8. h5
Nc6 9. Na3 Qe7 10. Qd2 Nc5 11. O-O-O Ne4 12. Qe3 Nd6 13. Qc5 Bd7 14. Nc4 Nxc4
15. Qxc4 O-O-O 16. Bg2 f5 17. hxg6 hxg6 18. Rxh8 Bxh8 19. Nh4 Qe8 20. Bd5 g5
21. Bf7 Qe7 22. Ng6 Qf6 23. Nxh8 Rxh8 24. f4 gxf4 25. gxf4 Rd8 26. Bd5 Qh6 27.
Bxc6 Qxc6 28. Qxc6 Bxc6 29. Rxd8+ 1/2-1/2